Countries that start with E - Statistics

General Stats
  • This quiz has been taken 32 times
  • The average score is 8 of 9
Answer Stats
Hint Answer % Correct
South America Ecuador
96%
Europe Estonia
96%
Africa Ethiopia
96%
North America El salvador
93%
Africa Eritrea
93%
Africa Egypt
89%
Africa Equatorial guinea
85%
Asia East timor
81%
Africa Eswatini
78%
No matching quizzes found
Score Distribution
Percent of People with Each Score
Percentile by Number Answered
Your Score History
You have not taken this quiz